Most Well-known Stars - Statistics

General Stats
  • This quiz has been taken 100 times
  • The average score is 11 of 28
Answer Stats
Constellation Star % Correct
Sun
86%
Canis Major Sirius
76%
Orion Betelgeuse
70%
Ursa Minor Polaris
68%
Centaurus Alpha Centauri
61%
Orion Rigel
54%
Lyra Vega
53%
Taurus Aldebaran
50%
Boötes Arcturus
43%
Scorpius Antares
42%
Gemini Pollux
42%
Gemini Castor
41%
Aquila Altair
37%
Carina Canopus
36%
Cygnus Deneb
36%
Auriga Capella
34%
Leo Regulus
34%
Virgo Spica
33%
Canis Minor Procyon
32%
Piscis Austrinus Fomalhaut
30%
Orion Bellatrix
28%
Centaurus Hadar
25%
Eridanus Achernar
22%
Perseus Algol
22%
Canis Major VY Canis Majoris
16%
Cetus Mira
13%
Ophiuchus Barnard's Star
11%
Aquarius TRAPPIST-1
11%
No matching quizzes found
Score Distribution
Percent of People with Each Score
Percentile by Number Answered
Your Score History
You have not taken this quiz